Peru in the guano age. Being a short account of a recent visit to the guano deposits with some reflections on the money they have produced and the uses to wich it has been applied
Shranjeno v:
| Glavni avtor: | |
|---|---|
| Format: | Knjiga |
| Jezik: | angleščina |
| Izdano: |
Londres
Richard Bentley and son, publishers in ordinary to Her Majestiy the Queen
1877
|
| Izdaja: | 1a. ed |
| Teme: | |
| Oznake: |
Označite
Brez oznak, prvi označite!
|
MARC
| LEADER | 00000nam a2200000 a 4500 | ||
|---|---|---|---|
| 001 | UCJ4782 | ||
| 003 | CL-VaPUC | ||
| 008 | 070124e18770000UK |||||||||||||||||eng|d | ||
| 082 | 0 | 4 | |a 985 |b DUF |2 21 |
| 100 | 0 | |a Duffield, A. J. |e author |9 509104 | |
| 245 | 1 | 0 | |a Peru in the guano age. Being a short account of a recent visit to the guano deposits with some reflections on the money they have produced and the uses to wich it has been applied |
| 250 | |a 1a. ed | ||
| 300 | |a 151 p | ||
| 942 | |c BK | ||
| 945 | |d 20070124 00:00:00 |a rinostro | ||
| 260 | |a Londres |b Richard Bentley and son, publishers in ordinary to Her Majestiy the Queen |c 1877 | ||
| 600 | 0 | |a Meiggs, Henry, |d 1811-1877 |q Meiggs, Enrique |9 378129 | |
| 650 | 7 | |a GUANO |2 CL-VaPUC |9 362274 | |
| 650 | 7 | |a COVADERAS |2 CL-VaPUC |9 504209 | |
| 650 | 0 | |a Fertilizantes |9 262833 | |
| 650 | 0 | |a Economía |9 255568 | |
| 650 | 7 | |a CHINOS |2 CL-VaPUC |9 323565 | |
| 650 | 7 | |a MORMONES |2 CL-VaPUC |9 408070 | |
| 651 | 0 | |a Perú |9 256567 | |
| 583 | |a last modification |c 20070124 00:00:00 |k Rodrigo Vera | ||
| 999 | |c 320897 |d 320895 | ||
| 952 | |0 0 |1 0 |4 0 |6 985_000000000000000_DUF_1877 |7 0 |8 X |9 399521 |a FDOBUD |b FDOBUD |d 2019-11-22 |i 102583K |o 985 DUF 1877 |p 102583K |r 2019-11-22 |w 2019-11-22 |y BK_X |k BUD | ||